Computer organization and the mc 68000 (Record no. 579276)

000 -LEADER
fixed length control field 00574nam a22001817a 4500
003 - CONTROL NUMBER IDENTIFIER
control field CEME
005 - DATE AND TIME OF LATEST TRANSACTION
control field 20210628205037.0
008 - FIXED-LENGTH DATA ELEMENTS--GENERAL INFORMATION
fixed length control field 210224b xxu||||| |||| 00| 0 eng d
020 ## - INTERNATIONAL STANDARD BOOK NUMBER
International Standard Book Number 0-13-158940-7
040 ## - CATALOGING SOURCE
Transcribing agency .
082 ## - DEWEY DECIMAL CLASSIFICATION NUMBER
Classification number 004.165 LIN'C
100 ## - MAIN ENTRY--PERSONAL NAME
Personal name Livadas, Panos E Ward, Christopher
9 (RLIN) 73590
245 ## - TITLE STATEMENT
Title Computer organization and the mc 68000
260 ## - PUBLICATION, DISTRIBUTION, ETC.
Place of publication, distribution, etc. NEWJERCY
Name of publisher, distributor, etc. PRENTICE HALL
Date of publication, distribution, etc. 1993
300 ## - PHYSICAL DESCRIPTION
Extent 698P
650 ## - SUBJECT ADDED ENTRY--TOPICAL TERM
Topical term or geographic name entry element MOTOROLA 68000 (MICROPROCESSOR) PROGRAMMING ASSEMBLER LANGUAGE (COMPUTER PROGRAM LANGUAGE) COMPUTER ORGANIZATION
9 (RLIN) 73591
942 ## - ADDED ENTRY ELEMENTS (KOHA)
Koha item type Book
Source of classification or shelving scheme
Holdings
Withdrawn status Lost status Damaged status Not for loan Permanent Location Current Location Shelving location Date acquired Total Checkouts Full call number Date last seen Price effective from Koha item type Barcode
        College of Electrical & Mechanical Engineering (CEME) College of Electrical & Mechanical Engineering (CEME) General Stacks 04/19/2017   004.165 LIN'C 06/28/2021 06/28/2021 Book  
        College of Electrical & Mechanical Engineering (CEME) College of Electrical & Mechanical Engineering (CEME) General Stacks 04/19/2017   004.165 LIN'C 06/28/2021 06/28/2021 Book CEME-30280
© 2023 Central Library, National University of Sciences and Technology. All Rights Reserved.